000
00361nam a2200169Ia 4500
003
0100
008
130303s9999 xx 000 0 und d
040
_c
ARRUPELIB
050
_a
PR9390.9.M82J7 1992
100
_a
Mungoshi, David
245
_a
Stains on the Wall
260
_a
Gweru
260
_b
Mambo PR
260
_C
1992
300
_a
127p
942
0
0
_0
2
999
_c
19814
_d
19814